| 000 | 00661cam a2200229 4500 | ||
|---|---|---|---|
| 008 | 090401t1998 xxu||||| |||| 00| 0 eng d | ||
| 020 | _a1860811884 | ||
| 035 | _a(Sirsi) u86125 | ||
| 041 | _aeng | ||
| 050 | _a690 | ||
| 110 | _aBuilding Research Establishment | ||
| 245 | _aWood-boring insect attack : treating damage. | ||
| 260 |
_aLondon _bConstruction Research Communications Ltd _c1998 |
||
| 300 | _a6p. ; 30cm. | ||
| 350 | _a0 | ||
| 490 |
_aBRE Good Repair Guide _v13 Part 2 |
||
| 650 | _aTIMBER TREATMENT | ||
| 650 | _aWOOD-BORING INSECTS | ||
| 690 | _aBUILDING AND CONSTRUCTION-REPAIRS AND MAINTENANCE | ||
| 942 | _n0 | ||
| 948 | _c12/05/1998 | ||
| 999 |
_c97109 _d97109 |
||